| 000 | 01690nam a2200301 4500 | ||
|---|---|---|---|
| 003 | CO-ViMGA | ||
| 020 | _a9789583042515 | ||
| 040 |
_aCO-ViMGA _bspa _cCO-ViMGA |
||
| 082 | 0 | 4 |
_aI833.91 _bD69p |
| 100 | 1 |
_aDorison, Guillaume _9552 |
|
| 245 | 1 | 0 |
_aEl Principito : _bEl planeta de la música / _cguion Guillaume Dorison ; dibujo Lucy Mazel ; traducción Ernesto Camacho Ocampo |
| 260 |
_aBogota : _bPanamericana Editorial, _c2013 |
||
| 300 |
_a49. : _bil. ; color |
||
| 500 | _aInspirado en la serie animada y en un guión original de Clélia Constantine | ||
| 500 | _aLas nuevas aventuras basadas en la obra maestra de Antoine de Saint-Exupéry | ||
| 501 | _aEl Principito imaginado por Convard y Griffo | ||
| 520 | _aCuando el Principito llega a este planeta, los utinos se encuentran un poco alterados por el comportamiento extraño de Eufonía, la diva que, al vocalizar, da ritmo a su jornada. En efecto, desde hace poco Eufonía canta menos, o no tan bien, y parece preocupada. Cuando el Principito descubre que la tristeza de Eufonía proviene de su amor contrariado por Ivory, las cosas se complican. En efecto, Ivory hace parte del pueblo de los pistilos, enemigos a muerte de los utinos... tomado de la contracubierta del libro | ||
| 534 | _pLe petit prince. la planéte de la musique | ||
| 650 | 1 | 4 |
_aAdaptaciones literarias _9558 |
| 650 | 1 | 4 |
_aCuentos infantiles franceses _9333 |
| 650 | 1 | 4 |
_aLibros ilustrados para niños _964 |
| 650 | 1 | 4 |
_aNovela gráfica _9556 |
| 650 | 1 | 4 |
_aTiras cómicas, historietas, etc. _9557 |
| 700 | 1 |
_aCamacho, Ernesto _9245 |
|
| 700 | 1 |
_aEl Principito imaginado por Convard y Griffo _9555 |
|
| 700 | 1 |
_aMazel, Lucy _9554 |
|
| 942 |
_2ddc _cBK |
||
| 999 |
_c37163 _d37163 |
||